Memorias del Cigarral, 1552-2015 / (Record n. 11363)

Dettagli MARC
000 -LEADER
fixed length control field 00957nam a2200265 i 4500
003 - CONTROL NUMBER IDENTIFIER
control field IT-RoINE
005 - DATE AND TIME OF LATEST TRANSACTION
control field 20170912102034.0
008 - FIXED-LENGTH DATA ELEMENTS--GENERAL INFORMATION
fixed length control field 151116s2015 sp aho |r|||| 001 0dspa d
020 ## - INTERNATIONAL STANDARD BOOK NUMBER
International Standard Book Number 9788430617555
040 ## - CATALOGING SOURCE
Original cataloging agency SpMaBN
Transcribing agency SpMaBN IT-RoINE
Description conventions rdc
Modifying agency IT-RoINE
100 1# - MAIN ENTRY--PERSONAL NAME
9 (RLIN) 23260
Personal name Marañón y Bertrán de Lis, Gregorio,
Dates associated with a name 1942-
245 10 - TITLE STATEMENT
Title Memorias del Cigarral, 1552-2015 /
Statement of responsibility, etc Gregorio Marañón Bertrán de Lis.
260 ## - PUBLICATION, DISTRIBUTION, ETC. (IMPRINT)
Place of publication, distribution, etc [Barcelona] :
Name of publisher, distributor, etc Taurus,
Date of publication, distribution, etc 2015.
300 ## - PHYSICAL DESCRIPTION
Extent 245 p. :
Other physical details il., facs., fot. ;
Dimensions 25 cm.
336 ## - CONTENT TYPE
Content type term Texto (visual)
Source isbdcontent
337 ## - MEDIA TYPE
Source rdamedia
Media type term unmediated
338 ## - CARRIER TYPE
Source rdacarrier
Carrier type term volume
500 ## - GENERAL NOTE
General note Incluye índice.
504 ## - BIBLIOGRAPHY, ETC. NOTE
Bibliography, etc Bibliografía: p. 235-239.
610 24 - SUBJECT ADDED ENTRY--CORPORATE NAME
Corporate name or jurisdiction name as entry element Cigarral de Menores
General subdivision Historia
9 (RLIN) 23262
651 #4 - SUBJECT ADDED ENTRY--GEOGRAPHIC NAME
Geographic name Toledo (España)
General subdivision Historia
Chronological subdivision Siglos 16o.-20o.
9 (RLIN) 23275
600 14 - SUBJECT ADDED ENTRY--PERSONAL NAME
9 (RLIN) 705
Personal name Marañón, Gregório,
Dates associated with a name 1887-1960
600 14 - SUBJECT ADDED ENTRY--PERSONAL NAME
9 (RLIN) 23260
Personal name Marañón y Bertrán de Lis, Gregorio,
Dates associated with a name 1942-
942 ## - ADDED ENTRY ELEMENTS (KOHA)
Item type Monografías
Dati di copia
Withdrawn status Lost status Damaged status Not for loan Home library Current library Date acquired Total Checkouts Full call number Barcode Date last seen Price effective from Koha item type
        Iglesia Nacional Española en Roma Iglesia Nacional Española en Roma 01/04/2016   BIO 2092 23052 01/04/2016 01/04/2016 Monografías